Score 0/20 Timer 03:00
3 Plays Today
% Correct
Ringo Starr
94.1%
Star of David
93.5%
The Starry Night
92.4%
Star Wars Day
91.7%
Starr Report
90.7%
Dallas Stars
89.2%
North Star
89%
Starfleet Academy
88.8%
Star Fruit
88.1%
David Starsky
85.7%
% Correct
A Star Is Born
85.6%
Bart Starr
85.6%
Star Search
85.2%
The Fault in Our Stars
81.7%
Lonestar
74%
Second Star to the Right
73.9%
The Last Starfighter
68.8%
Star-Lord
68.4%
Star Boy
62.4%
Evenstar
52.3%

You're not logged in!

Compare scores with friends on all Sporcle quizzes.
OR
Log In

Sporcle TV

Today on Sporcle TV


Watch our educational content, quiz creation guides, and fun videos on Sporcle TV.

Show Comments

Extras

Top Quizzes Today


Score Distribution

Paid Content

Your Account Isn't Verified!

In order to create a playlist on Sporcle, you need to verify the email address you used during registration. Go to your Sporcle Settings to finish the process.

Report this User

Report this user for behavior that violates our Community Guidelines.

Details: